Bioliogical activities of benzoin thiosemicarbazone and its complexes / (Record no. 83140)
[ view plain ]
| 000 -LEADER | |
|---|---|
| fixed length control field | 01082nam a22002537a 4500 |
| 001 - CONTROL NUMBER | |
| RUCL Control Number | 83140) |
| 003 - CONTROL NUMBER IDENTIFIER | |
| rucl marc code | BD-RjUL |
| 005 - DATE AND TIME OF LATEST TRANSACTION | |
| control field | 20240222192748.0 |
| 008 - FIXED-LENGTH DATA ELEMENTS--GENERAL INFORMATION | |
| fixed length control field | 240222s2018 bg a|||| m||| 00| 0 eng d |
| 035 ## - SYSTEM CONTROL NUMBER | |
| system control number | (BD-RjUL)83140) |
| 040 ## - CATALOGING SOURCE | |
| Original cataloging agency | BD-RjUL |
| Language of cataloging | eng |
| Transcribing agency | BD-RjUL |
| Modifying agency | BD-RjUL |
| 041 ## - LANGUAGE CODE | |
| Language code of Book | eng |
| 082 ## - DEWEY DECIMAL CLASSIFICATION NUMBER | |
| DDC Edition number | 23 |
| Classification number | 514.223 |
| Author mark and Year | ZAB 2018 |
| 100 ## - MAIN ENTRY--PERSONAL NAME | |
| Personal name | Zakir, Hossain Mohammad |
| 9 (RLIN) | 11880 |
| 245 10 - TITLE STATEMENT | |
| Title | Bioliogical activities of benzoin thiosemicarbazone and its complexes / |
| Statement of responsibility, etc | Submitted By Hossain, Mohammad Zakir |
| Name of Supervisor/Co-Supervisor | Principal Supervisor : Mele, Jesmin, Co-Supervisor : Shaikh, M. Mohsin Ali |
| 260 ## - PUBLICATION, DISTRIBUTION, ETC. (IMPRINT) | |
| Place of publication, distribution, etc | Rajshahi : |
| Name of publisher, distributor, etc | Department of Applied Chemistry and Chemical Engineering, University of Rajshahi, |
| Date of publication, distribution, etc | 2018 |
| 300 ## - PHYSICAL DESCRIPTION | |
| Pagination | v, 175 leaves : |
| Other physical details | ill, ; |
| Dimensions | 30.cm. |
| 502 ## - DISSERTATION NOTE | |
| Dissertation note | Thesis (Ph. D.) -- Department of Applied Chemistry and Chemical Engineering, University of Rajshahi, 2018 |
| 504 ## - BIBLIOGRAPHY, ETC. NOTE | |
| Bibliography, etc | References : Leaves 174 - 175 |
| 650 ## - SUBJECT ADDED ENTRY--TOPICAL TERM | |
| Topical term or geographic name as entry element | Complexes |
| Form subdivision | Topology |
| 9 (RLIN) | 5320 |
| 700 ## - ADDED ENTRY--SUPERVISOR/CO-SUPERVISOR NAME | |
| Personal name | Jesmin, Mele, Principal Supervisor |
| 9 (RLIN) | 11881 |
| Personal name | Ali, Shaikh, M. Mohsin, Co-Supervisor |
| 9 (RLIN) | 11882 |
| 942 ## - ADDED ENTRY ELEMENTS (KOHA) | |
| Source of classification or shelving scheme | Dewey Decimal Classification |
| Koha item type | Theses |
| Source of classification or shelving scheme | Damaged status | Not for loan | Collection code | Permanent Location | Current Location | Shelving location | Date of accession | Source of acquisition | Total Checkouts | Full call number | Barcode | Date last seen | Copy number | Thesis |
|---|---|---|---|---|---|---|---|---|---|---|---|---|---|---|
| Dewey Decimal Classification | Not For Loan | Theses | Central Library, University of Rajshahi | Central Library, University of Rajshahi | Documentation Section | 30/04/2019 | Controller of Exam. R. U. | THE 514.223 ZAB 2018 | D4260 | 22/02/2024 | C-I | Theses |